[Event "EWCCC Online Preliminary-C 2020"]
[Site "Online"]
[Date "2020.12.19"]
[Round "1.3"]
[White "Obolentseva, Alexandra"]
[Black "Hakimifard, Ghazal"]
[Result "1-0"]
[WhiteElo "2305"]
[BlackElo "2265"]
[Annotator "TA"]
[PlyCount "49"]
[EventDate "2020.12.19"]
[EventType "team-tourn"]
[EventCountry "NET"]
[SourceTitle "playchess.com"]
[Source "ChessBase"]
[SourceQuality "1"]

{[%evp 15,49,-19,-9,-39,-39,-42,-21,-20,-18,-18,-30,-97,3,12,24,1,45,38,217,214,379,181,173,174,242,256,234,241,378,344,708,533,534,526,511,443]} 1. d4 Nf6 2. c4 e6 3. Nc3 Bb4 4. Qc2 c5 5. dxc5 O-O 6. Nf3 Na6 7. a3 Bxc3+ 8. Qxc3 Nxc5 ({Much worse is} 8... Ne4 9. Qc2 $14) 9. Bf4 {E39: Nimzo-Indian: Classical: 4...c5 5 dxc5 0-0.} b6 {was the old line (9...Nce4).} 10. g3 Bb7 11. Bg2 {The position is equal.} d5 {White should prevent ...d4!} 12. O-O Rc8 {[#]} 13. Rac1 $146 {[#]} (13. Rfd1 $11) ({Predecessor:} 13. Ne5 Nfe4 14. Qe3 d4 15. Qc1 Nb3 16. Qc2 Nxa1 17. Rxa1 Nd6 18. Bxb7 Nxb7 19. Rd1 {0-1 (43) Adianto,U (2610)-Karpov,A (2725) Cap d'Agde 1998}) 13... Nfe4 ({Better is} 13... dxc4 $1 $17 14. Rfd1 Qe8 15. Qxc4 Ba6) 14. Qe3 $11 Qe7 15. b4 Nd7 16. cxd5 exd5 $2 {Loses the game.} (16... Bxd5 $14 17. Ne5 Nef6) 17. Nd4 $18 {Threatens to win with f3.} Rfe8 $2 (17... Rxc1 {was necessary.} 18. Rxc1 Ne5) 18. Rxc8 (18. f3 $142) 18... Rxc8 19. Nf5 $36 {[%mdl 2048] Keeping Black busy.} Qf6 (19... Qe6 $142) 20. Bxe4 dxe4 21. Nd6 {[%mdl 64] [#] Double Attack} Rc3 (21... g5 $142) 22. Qd2 Bc6 $2 (22... e3 23. fxe3 Ba8) 23. Nxe4 {[%mdl 64] Deflection. White is clearly winning.} Bxe4 24. Qxd7 {[%cal Rd7e8]} h6 25. Qe8+ {[%mdl 64] Double Attack.  Weighted Error Value: White=0.40/Black=0.57} 1-0

[Event "EWCCC Online Preliminary-C 2020"]
[Site "Online"]
[Date "2020.12.19"]
[Round "1.3"]
[White "De Seroux, Camille"]
[Black "Babiy, Olga"]
[Result "0-1"]
[WhiteElo "2137"]
[BlackElo "2271"]
[Annotator "TA"]
[PlyCount "76"]
[EventDate "2020.12.19"]
[EventType "team-tourn"]
[EventCountry "NET"]
[SourceTitle "playchess.com"]
[Source "ChessBase"]
[SourceQuality "1"]

{[%evp 16,76,17,0,0,-8,-9,-16,-7,-6,-14,-20,-13,-23,2,6,17,7,6,18,11,0,2,4,87,0,26,26,33,28,25,31,38,32,28,27,29,16,8,0,0,-31,-34,-85,-78,-89,-95,-101,-94,-93,-67,-814,-812,-889,-887,-950,-935,-1147,-1153,-821,-680,-675,-363]} 1. e4 c6 2. Nc3 d5 3. Nf3 dxe4 4. Nxe4 Nf6 5. Nxf6+ exf6 6. d4 Bd6 7. Bd3 O-O 8. O-O Bg4 9. c3 Nd7 {B15: Caro-Kann: 3 Nc3: 3...g6 and 3...dxe4 4 Nxe4 Nf6 5 Nxf6+ exf6.} 10. Bc2 Re8 11. Qd3 Nf8 {The position is equal.} 12. Bd2 {[#]} Qa5 $146 ({Predecessor:} 12... Bh5 13. c4 Bc7 14. Bc3 Qd6 15. g3 Bg6 16. Qd2 Qe6 17. Bxg6 Nxg6 18. Qd3 Qg4 {½-½ (46) Mahitosh,D (2316)-Delchev,A (2567) Paracin 2019}) 13. h3 Bh5 {White must now prevent ...Bg6.} 14. c4 Qc7 15. Rfe1 Bg6 16. Qb3 Ne6 17. Bxg6 hxg6 18. Rad1 Rad8 19. Qa4 b6 (19... Qd7 $11 {keeps the balance.}) 20. b4 (20. d5 $16 b5 21. Qa6 (21. cxb5 Nc5 $16) 21... cxd5 22. cxd5) 20... Be7 21. d5 b5 22. cxb5 cxd5 23. Be3 Rd7 24. Nd4 Nxd4 $1 25. Bxd4 Rb8 26. Rc1 Qb7 27. Bc5 Bd6 28. Bxd6 Rxd6 29. Rc5 {[#]} (29. Rc6 $15 Rd7 30. Rd1) 29... d4 $1 $17 30. Qd1 d3 31. Qd2 Qd7 32. a4 Re8 {...Rxe1+ is the strong threat.} 33. Rd1 $2 {[%mdl 8192] This move loses the game for White.} (33. Rcc1 $15) 33... Re2 $19 {Black is clearly winning.} 34. Qc3 d2 35. Rc8+ Kh7 {aiming for ...Qf5.} 36. Qc4 Re1+ {[%mdl 64] [#] Double Attack} 37. Kh2 Rd4 38. Rxd2 Rxc4 {Weighted Error Value: White=0.48/Black=0.14} 0-1

[Event "EWCCC Online Preliminary-C 2020"]
[Site "Online"]
[Date "2020.12.19"]
[Round "1.3"]
[White "Heinatz, Maria"]
[Black "Schoene, Maria"]
[Result "1-0"]
[WhiteElo "1941"]
[BlackElo "2204"]
[Annotator "TA"]
[PlyCount "105"]
[EventDate "2020.12.19"]
[EventType "team-tourn"]
[EventCountry "NET"]
[SourceTitle "playchess.com"]
[Source "ChessBase"]
[SourceQuality "1"]

{[%evp 20,105,29,27,60,54,52,53,61,55,57,51,64,54,64,66,63,66,89,80,87,83,195,35,58,47,56,-37,0,-38,-54,-74,0,-58,-62,-58,-68,-16,21,-211,-212,-237,-224,-527,-509,-630,-630,-623,-613,-577,-167,-178,-168,-331,-312,-299,-220,-261,-172,-163,0,-228,-198,-436,-418,-365,0,-221,-171,-163,-163,-156,-102,-141,15,23,168,158,154,144,154,0,0,0,1657,142,29994,29995]} 1. e4 c5 2. Nf3 d6 3. Bb5+ Bd7 4. Bxd7+ Qxd7 5. c4 Nc6 6. d4 cxd4 7. Nxd4 g6 8. Nc3 Bg7 9. Be3 Nf6 10. f3 O-O 11. O-O {[#]} Na5 $146 {B52: Sicilian: Moscow Variation with 3...Bd7.} ({Predecessor:} 11... a6 12. Qd3 Ne5 13. Qe2 Rac8 14. b3 b5 15. Nd5 Nxd5 16. cxd5 e6 17. dxe6 fxe6 18. Rad1 Rc3 19. Kh1 Nc6 {½-½ (55) Grischuk,A (2777)-Topalov,V (2735) Chess.com INT 2020}) 12. b3 Rac8 13. Qd2 Nc6 {White is slightly better.} 14. Nde2 Rfe8 15. Rad1 Qd8 16. Bh6 a6 17. Bxg7 Kxg7 18. Nd5 Nxd5 19. exd5 Ne5 {[%cal Bc6e5,Be5g4,Bg4f6,Bf6h5,Bh5g7,Bg7f5][%mdl 32]} 20. Nd4 Rc5 (20... Nd7 $16 {was called for.}) 21. Rfe1 $2 ({White should try} 21. f4 $18 Nd7 22. f5) 21... b5 $1 $14 22. f4 Ng4 23. Qe2 (23. Nc6 $14 Qd7 24. h3) 23... Nf6 $15 24. g4 bxc4 25. bxc4 Qc7 (25... Qc8 $1 $17 26. g5 Nh5) 26. g5 (26. Nc6 $11) 26... Nh5 27. f5 Rxc4 28. f6+ Kg8 29. fxe7 $2 (29. Nc6 $1 $11 Rxc6 30. dxc6 Qxc6 31. fxe7) 29... Qc5 $1 $19 {[%csl LRd4,LRd5]} 30. Qe4 Ng7 31. Kh1 $2 {[#]} (31. Qe3 {was the crucial defense.} Qxd5 32. Rd2) 31... Nf5 $1 {[%mdl 512]} 32. Nxf5 Rxe4 33. Nh6+ Kg7 34. Rxe4 f6 $2 (34... Qf2 {White must now prevent ...Qf3+.} 35. Rde1 a5) 35. gxf6+ Kxf6 36. Rf1+ $2 (36. Ng4+ Kg7 37. Rf1) 36... Kg7 37. Ng4 {Strongly threatening Nf6.} Qa7 ({Weaker is} 37... Qxd5 38. Nf6 $16) 38. Rfe1 h5 39. Ne3 Kh6 $2 (39... Qb7 $19 {And now ...Kh7 would win.} 40. Ng2 g5) 40. Nc4 $2 (40. Re6 $1 $11 {and White is okay.} Kh7 41. Nc4) 40... Qc5 41. Rd1 $2 (41. Ne3) 41... Qf2 {aiming for ...Qf3+.} 42. Rde1 Qc5 43. Rd1 Kg7 44. Kg2 Qc7 45. Rde1 Kh7 (45... Kh6 $142 46. Nd2 Qc5) 46. R1e2 Qd7 $2 (46... Qc5 $17 47. Rd2 Qc7) 47. Re6 $11 Qb5 (47... Kg8 $1 $11) 48. Nxd6 $18 Qxd5+ {[#]} 49. R2e4 $1 Qd2+ 50. Re2 $2 ({White should play} 50. Kg3 $16 Rb8 51. e8=Q Rxe8 52. Nxe8) 50... Qd5+ 51. R2e4 Qg5+ $2 {[%mdl 8192]} ({Avoid the trap} 51... Qxa2+ $2 52. Kg3 $18) (51... Qd2+ $11 52. Kg3 Rb8) 52. Kf3 $2 (52. Kh3 $18 Qc1 53. Nxe8 {[%mdl 64] Discovered Attack} Qf1+ 54. Kg3 Qg1+ 55. Kf3 Qf1+ 56. Ke3 Qe1+ {[#]} 57. Kd3 $1 {[%mdl 512]} Qd1+ 58. Kc3 Qa1+ 59. Kd2 Qxa2+ 60. Ke3 Qa3+ 61. Ke2 Qb2+ 62. Kf3 Qb3+ 63. Kg2 Qb2+ 64. Re2 Qb7+ 65. Kg3) 52... Qf6+ $2 {[%mdl 8192]} (52... Rb8 $16) 53. Rxf6 {Weighted Error Value: White=0.71/Black=0.73} 1-0

[Event "EWCCC Online Preliminary-C 2020"]
[Site "Online"]
[Date "2020.12.19"]
[Round "1.4"]
[White "Houska, Jovanka"]
[Black "Guichard, Pauline"]
[Result "1/2-1/2"]
[WhiteElo "2381"]
[BlackElo "2415"]
[Annotator "TA"]
[PlyCount "103"]
[EventDate "2020.12.19"]
[EventType "team-tourn"]
[EventCountry "NET"]
[SourceTitle "playchess.com"]
[Source "ChessBase"]
[SourceQuality "1"]

{[%evp 21,103,8,11,10,18,18,25,13,34,29,68,56,71,68,82,77,66,36,42,43,40,43,82,88,83,109,150,48,35,39,33,33,33,17,17,17,18,18,17,16,16,11,24,0,7,0,0,0,0,0,0,0,17,8,8,0,0,0,0,0,3,0,0,0,0,0,0,0,0,0,0,0,8,0,8,0,0,0,0,0,0,0,0,0]} 1. d4 Nf6 2. Nf3 e6 3. c4 d5 4. Nc3 dxc4 5. e4 Bb4 6. Bg5 c5 7. e5 cxd4 8. Nxd4 Bxc3+ 9. bxc3 Qa5 10. exf6 Qxg5 11. fxg7 Qxg7 12. Qd2 {D39: Queen's Gambit Declined: Ragozin Defence with 5 Bg5 dxc4.} O-O 13. Bxc4 Rd8 ({Don't blunder} 13... Qxg2 $2 14. O-O-O $18) 14. Qe3 {White has an edge.} Nd7 ({Don't go for} 14... Qxg2 $2 15. O-O-O $18) 15. O-O Nb6 16. Bb3 $1 {[#]} Bd7 $146 ({Predecessor:} 16... Nd5 17. Bxd5 Rxd5 18. f4 Bd7 19. Rf3 Kh8 20. f5 e5 21. f6 Qg6 22. Ne2 Bb5 {1-0 (32) Chkhaidze,N (2330)-Elashvili,G (1978) Poti 2019}) 17. f4 Kh8 18. Rf3 Rg8 {[%csl Gg8][%cal Rg7g2]} 19. Qf2 (19. g3 {is more complex.} Nd5 20. Qe4 Bc6 21. Nxc6 bxc6 22. Qc4) 19... Qf6 20. Re1 Rac8 21. Qe2 Bc6 22. Nxc6 Rxc6 {[#]} 23. f5 $1 {[%cal Rf5e6][%mdl 512]} exf5 24. Qe5 ({White should play} 24. Qf2 $16) 24... Qxe5 $14 25. Rxe5 Nc4 26. Rexf5 Nd2 27. Rd3 Nxb3 28. axb3 $11 {[%mdl 4096] Endgame KRR-KRR} Rc7 29. c4 Rg6 30. Kf2 Kg7 31. Kf3 Re7 32. h4 Re1 {The position is equal.} 33. Kf2 (33. Rb5 {feels hotter.} Rf6+ 34. Kg3 b6 35. Rbd5 Re2 36. Kh3) 33... Rb1 34. g3 Rb2+ 35. Kf3 Rb6 36. Rb5 Rf6+ 37. Kg4 b6 38. h5 h6 39. Re5 a5 40. Re8 a4 41. Rdd8 {Rg8+ would kill now.} Rf1 42. Rg8+ Kf6 {aiming for ...a3.} 43. bxa4 {Rd6+ is the strong threat.} Rb4 44. Rd6+ Ke7 {( -> ...f5+)} 45. Rxh6 {Strongly threatening Rc8.} Rxc4+ 46. Kh3 Rxa4 47. Rb8 Ra5 48. Rb7+ ({Don't play} 48. Rbxb6 $6 Rh1+ 49. Kg4 Kf8 $16) 48... Kf8 49. Rbxb6 Kg7 50. Kg2 Rc1 51. Rhd6 Rxh5 52. Rd2 {Accuracy: White = 92%, Black = 92%.} 1/2-1/2

[Event "EWCCC Online Preliminary-C 2020"]
[Site "Online"]
[Date "2020.12.19"]
[Round "1.4"]
[White "Broly, Mathilde"]
[Black "Kalaiyalahan, Akshaya"]
[Result "0-1"]
[WhiteElo "2150"]
[BlackElo "2149"]
[Annotator "TA"]
[PlyCount "98"]
[EventDate "2020.12.19"]
[EventType "team-tourn"]
[EventCountry "NET"]
[SourceTitle "playchess.com"]
[Source "ChessBase"]
[SourceQuality "1"]

{[%evp 14,98,41,23,30,28,41,31,27,34,40,46,36,34,63,43,54,44,62,61,72,58,69,65,83,75,101,91,116,62,84,75,84,96,138,53,83,79,178,156,203,214,212,46,42,33,47,-89,104,28,33,24,32,29,16,28,28,31,46,-39,-24,-8,109,104,98,87,128,91,133,38,44,-213,-172,-157,-177,-126,-165,-163,-149,-258,-164,-155,-114,-414,-434,-512,-476]} 1. c4 Nf6 2. g3 g6 3. Bg2 Bg7 4. Nf3 O-O 5. O-O d6 6. d4 Nc6 7. Nc3 a6 8. Re1 {8.b3 is setting a new trend.} Bg4 {E63: King's Indian: Fianchetto: Panno Variation with 7...a6.} 9. h3 Bxf3 10. Bxf3 Nd7 {White is slightly better.} 11. e3 e5 {[%cal Re5d4]} 12. d5 Ne7 13. e4 {[#]} h6 $146 ({Predecessor:} 13... f5 14. h4 Kh8 15. Bg5 f4 16. g4 Qe8 17. Bxe7 Qxe7 18. h5 Qg5 19. Kf1 Nf6 20. hxg6 hxg6 {0-1 (88) Cernousek,L (2447)-Domogaev,S (2400) Olomouc 2017}) 14. b4 f5 15. Bd2 f4 16. Rc1 g5 17. Bg4 Nf6 18. Be6+ Kh8 $1 19. c5 Ne8 20. Qb3 Bf6 21. Nd1 (21. Bg4 $16) 21... Ng7 22. Bg4 h5 23. Be2 Qd7 24. Kg2 ({White should try} 24. cxd6 $16 Qxd6 25. g4) 24... Ng6 25. Nb2 g4 (25... Be7 $16) 26. hxg4 $18 hxg4 {Threatens to win with ...f3+.} 27. Rh1+ Kg8 {With the idea ...f3+.} 28. Bc4 $2 (28. Kg1 $18) 28... Bg5 {aiming for ...f3+.} 29. Rc2 Qf7 30. Be1 {[#]} (30. Kg1 $14 {stays ahead.}) 30... f3+ $2 (30... Ne8 $1 $17) 31. Kf1 (31. Kg1 $16) 31... Ne8 $1 $11 32. Bd2 Bxd2 33. Rxd2 Kg7 34. Ke1 Nf6 35. Bd3 Rh8 36. Rxh8 ({White should play} 36. Rg1 $14) 36... Rxh8 $15 37. Kd1 Nd7 (37... Nf4 $11 {keeps the balance.} 38. gxf4 exf4) 38. cxd6 $16 cxd6 39. Nc4 Qe7 40. Ne3 {Black must now prevent Nf5+.} Qd8 41. Nf5+ (41. Nxg4 $16 Rh1+ 42. Kc2) 41... Kf6 $14 42. Nxd6 $2 {[%mdl 8192]} (42. Qc3 $14 {keeps the upper hand.}) 42... Rh1+ 43. Kc2 Qc7+ {[%mdl 64] Double Attack} 44. Nc4 {Hoping for Rd1.} b5 $40 {[%mdl 192] Pin. White is in trouble.} 45. Kb2 bxc4 46. Bxc4 (46. Qxc4 $17 {was forced.} Qxc4 47. Bxc4) 46... Qd6 47. a4 Rh8 48. Rc2 $2 {[%mdl 8192] [#]} (48. Ka2 $17) 48... Rb8 $1 $19 {[%cal Rb8b4]} 49. Bb5 {Strongly threatening Rc6.} Ne7 {Black used his chance.  Weighted Error Value: White=0.59/Black=0.27} ({Avoid the trap} 49... axb5 $2 50. Rc6 $18) 0-1

[Event "EWCCC Online Preliminary-C 2020"]
[Site "Online"]
[Date "2020.12.19"]
[Round "1.4"]
[White "Head, Louise"]
[Black "Moingt, Anne"]
[Result "1-0"]
[WhiteElo "2090"]
[BlackElo "2076"]
[Annotator "TA"]
[PlyCount "115"]
[EventDate "2020.12.19"]
[EventType "team-tourn"]
[EventCountry "NET"]
[SourceTitle "playchess.com"]
[Source "ChessBase"]
[SourceQuality "1"]

{[%evp 11,115,27,27,29,39,32,41,31,40,43,39,31,47,40,47,31,37,13,51,45,56,63,94,89,88,93,131,65,247,215,218,220,225,221,256,257,372,341,354,327,308,302,354,348,423,403,391,337,322,322,469,355,503,399,450,375,556,539,501,484,671,639,595,447,451,441,424,416,497,479,571,568,851,828,987,898,812,777,1016,1040,1128,1014,1510,1450,2964,2144,29981,7730,6717,6712,5883,5687,10299,8616,6749,7066,29972,12134,29970,29973,29979,29980,29989,29986,29988,29989]} 1. d4 Nf6 2. c4 e6 3. Nf3 Bb4+ 4. Nbd2 O-O 5. a3 Bxd2+ 6. Qxd2 d6 7. e3 {E11: Bogo-Indian.} Qe7 8. b4 {is the legacy move (8.Be2).} a5 9. Bb2 {White is slightly better.} axb4 10. axb4 Rxa1+ 11. Bxa1 {[#]} Nbd7 $146 ({Predecessor:} 11... Ne4 12. Qc2 f5 13. Be2 Nc6 14. b5 Nd8 15. Nd2 Nf6 16. O-O Nf7 17. Bb2 c6 18. bxc6 bxc6 {½-½ (53) Esen,B (2553)-Kurajica,B (2531) Sarajevo 2011}) 12. Qc2 e5 13. dxe5 dxe5 14. Bc3 e4 15. Nd2 Re8 16. Be2 b6 17. O-O Bb7 18. Ra1 Ne5 19. Qb2 (19. Ra7 $16 Rb8 20. Qa4) 19... h6 $2 {This costs Black the game.} (19... Nd3 $14 20. Qb1 Rd8) 20. Bxe5 Qxe5 21. Qxe5 Rxe5 22. Ra7 Bc8 23. Rxc7 Be6 (23... Re8 $142 24. Rc6 b5 25. cxb5 Bb7) 24. Rb7 $18 Nd7 25. Kf1 Kf8 26. Bd1 Ke7 27. Ba4 Kd6 28. Bxd7 Bxd7 29. Rxb6+ {[%mdl 4096] Endgame KRB-KRN} Kc7 30. Ra6 Re8 (30... Be6 $142 31. Ke1 Kb8) 31. Ra2 f5 (31... Re5 $142 32. Ra7+ Kc8) 32. Ke2 Kb6 33. Ra5 Rc8 (33... Be6 {was necessary.} 34. f3 Kb7 35. Rb5+ Ka6 36. fxe4 fxe4) 34. c5+ Kc6 35. Nc4 {[#] aiming for Ne5+.} Rc7 36. Ne5+ Kb7 37. Nxd7 Rxd7 {KR-KR} 38. Rb5+ Kc6 39. Rb6+ Kc7 40. f3 exf3+ 41. Kxf3 Rd2 42. Rg6 Rb2 43. Rxg7+ Kc6 44. Rg6+ Kd5 45. Rb6 Rb3 46. h3 Ke5 47. g3 h5 48. c6 h4 49. Rb5+ (49. c7 $142 Rc3 50. Rb5+ Ke6 51. Rc5 Rxc5 52. bxc5 Kd7 53. gxh4 Kxc7 54. h5) 49... Kd6 50. Rc5 {[#] White threatens c7 and mate.} Kc7 51. b5 hxg3 52. Rxf5 g2 53. Kxg2 Rxe3 54. h4 (54. Rf7+ $142 Kd6 55. Rd7+ Ke6 56. b6 Re2+ 57. Kf3 Rc2 58. Rg7 Rxc6 59. Rg6+ Kd5 60. Rxc6) 54... Rb3 55. h5 {White mates.} Kd6 56. h6 Ke6 57. Rh5 Kf6 58. h7 {Weighted Error Value: White=0.23/Black=0.57} 1-0

[Event "EWCCC Online Preliminary-C 2020"]
[Site "Online"]
[Date "2020.12.19"]
[Round "1.4"]
[White "Nicoara, Malina"]
[Black "Jaufarally, Nadia"]
[Result "0-1"]
[WhiteElo "2066"]
[BlackElo "1905"]
[Annotator "TA"]
[PlyCount "130"]
[EventDate "2020.12.19"]
[EventType "team-tourn"]
[EventCountry "NET"]
[SourceTitle "playchess.com"]
[Source "ChessBase"]
[SourceQuality "1"]

{[%evp 14,130,42,44,40,43,51,28,60,71,89,61,72,36,40,39,62,54,245,249,250,238,229,62,36,-281,-282,-280,-284,-276,-275,-280,-261,-279,-270,-275,-284,-341,-339,-318,-320,-682,-617,-655,-683,-656,-664,-683,-670,-662,-661,-652,-636,-654,-621,-594,-592,-520,-227,-222,-196,-340,-301,-268,-310,-360,-346,-341,-276,-274,-259,-282,-282,-279,-259,-274,-270,-345,-345,-334,-334,-374,-370,-474,-468,-6687,-5728,-29982,-29975,-29981,-29974,-29973,-29974,-29977,-29972,-29987,-29973,-29976,-29977,-29980,-29979,-29979,-29980,-29978,-29978,-29984,-29985,-29984,-29985,-29987,-29986,-29986,-29987,-29987,-29988,-29986,-29984,-29981,-29981]} 1. d4 Nf6 2. c4 g6 3. Nc3 Bg7 4. e4 d6 5. f3 O-O 6. Be3 Nc6 7. Nge2 a6 8. Qd2 Na5 {8...Bd7 is the modern continuation. E83: King's Indian: Sämisch Panno (6...Nc6): Lines without either Nge2 or Qd2.} 9. Nc1 Nd7 10. Rb1 {[#]} Nb6 $146 {White has an edge.} ({Predecessor:} 10... c5 11. d5 Ne5 12. b3 e6 13. Be2 exd5 14. cxd5 b5 15. O-O Bd7 16. Bh6 Bxh6 17. Qxh6 {0-1 (35) Khismatullin,D (2666)-Kabanov,N (2489) Kazan 2015}) 11. b3 c5 12. d5 e6 13. Be2 exd5 14. cxd5 Qh4+ 15. g3 Qf6 $2 (15... Qd8 $14) 16. Nd1 $18 Nxd5 17. exd5 Bf5 18. Nd3 $2 (18. Qxa5 Bxb1 19. O-O Rfe8 $11) (18. Rb2 $18 b6 19. O-O) 18... c4 $14 19. b4 $2 {[%mdl 8192]} ({Avoid the trap} 19. Qxa5 $2 cxd3 20. Rc1 (20. Bf1 $2 d2+ {[%mdl 64] Discovered Attack} 21. Qxd2 Bxb1 $19) 20... Rfc8 $19) (19. O-O $14 {keeps the upper hand.}) 19... cxd3 $19 20. Bxd3 {[#]} Nc4 $1 {[%cal Rc4d2][%mdl 512]} 21. Bxc4 {aiming for Rc1.} Bxb1 22. O-O Rac8 23. Bb3 Bf5 24. Kg2 Rfe8 25. Bf2 h5 26. h3 Bd7 27. g4 $2 (27. Be3) 27... Bb5 28. Re1 Rxe1 29. Qxe1 Re8 30. Ne3 hxg4 31. hxg4 Qf4 32. a4 Bd7 33. Qd2 Bd4 {[%cal Rd4e3]} 34. Nf1 Qxd2 35. Nxd2 Bc3 (35... Re2 $142 36. Ne4 Rb2) 36. Ne4 Be5 37. f4 (37. Bg3 {was forced.}) 37... Bg7 38. Nxd6 Re2 39. Kf3 Rb2 40. Bd1 {[#]} Bxg4+ $1 {[%mdl 512]} 41. Kxg4 {Threatens to win with Bc5.} Rxf2 42. Nxb7 {[%mdl 4096] Endgame KRB-KBN} f5+ 43. Kg3 Rd2 44. Bf3 Bd4 45. d6 Bf2+ 46. Kg2 Bc5+ {[%mdl 64] Discovered Attack} 47. Kg3 Bxb4 48. Bc6 Bxd6 49. Nxd6 (49. a5 $142) 49... Rxd6 {KR-KB} 50. Be8 Kg7 {Black mates.} 51. Kf3 Rd4 52. Bc6 Kf6 53. Ke3 Rb4 54. Be8 Rb3+ 55. Kd4 Rf3 56. Kc5 Rxf4 57. Kb6 Re4 58. Bd7 Rd4 59. Be8 Rd6+ 60. Kc5 Ke5 61. a5 f4 62. Bf7 f3 63. Bc4 f2 64. Be2 Rf6 65. Bf1 g5 {Weighted Error Value: White=0.77/Black=0.26} 0-1

[Event "EWCCC Online Preliminary-C 2020"]
[Site "Online"]
[Date "2020.12.19"]
[Round "2.1"]
[White "Broly, Mathilde"]
[Black "Hrenic, Misa"]
[Result "0-1"]
[WhiteElo "2150"]
[BlackElo "2020"]
[Annotator "NA"]
[PlyCount "79"]
[EventDate "2020.12.19"]
[EventType "team-tourn"]
[EventCountry "NET"]
[SourceTitle "playchess.com"]
[Source "ChessBase"]
[SourceQuality "1"]
[TimeControl "900+5"]

1. c4 {[%emt 0:00:00]} c5 {[%emt 0:00:05]} 2. g3 {[%emt 0:00:07]} Nc6 {[%emt 0:00:03]} 3. Bg2 {[%emt 0:00:05]} g6 {[%emt 0:00:03]} 4. Nf3 {[%emt 0:00:21]} Bg7 $11 {[%emt 0:00:05]} 5. O-O {[%emt 0:00:02]} e5 {[%emt 0:01:08]} 6. Nc3 {[%emt 0:00:10]} Nge7 {[%emt 0:00:03]} 7. Ne1 {[%emt 0:00:07]} d6 {[%emt 0:00:07]} 8. Nc2 {[%emt 0:00:06]} Be6 {[%emt 0:00:20]} 9. Ne3 {[%emt 0:00:14]} O-O {[%emt 0:00:18]} 10. a3 {[%emt 0:01:00]} Rb8 {[%emt 0:00:12]} 11. Rb1 {[%emt 0:00:28]} a5 {[%emt 0:00:11]} 12. d3 {[%emt 0:00:13]} Nd4 {[%emt 0:02:17]} 13. Ned5 {[%emt 0:01:42]} h6 {[%emt 0:02:51]} 14. e3 {[%emt 0:00:47]} Ndc6 {[%emt 0:01:10]} 15. Bd2 {[%emt 0:00:53]} Bxd5 {[%emt 0:02:07]} 16. Nxd5 {[%emt 0:00:11]} Nxd5 {[%emt 0:00:12]} 17. Bxd5 {[%emt 0:00:12]} Ne7 {[%emt 0:00:07]} 18. Bg2 {[%emt 0:00:13]} b5 {[%emt 0:00:28]} 19. cxb5 {[%emt 0:02:32]} Rxb5 {[%emt 0:00:04]} 20. Qa4 {[%emt 0:00:02]} Qb6 {[%emt 0:00:51]} 21. b4 {[%emt 0:00:54]} axb4 {[%emt 0:00:05]} 22. axb4 {[%emt 0:00:04]} Rb8 {[%emt 0:00:36]} 23. bxc5 {[%emt 0:00:07]} Qxc5 {[%emt 0:00:07]} 24. Rbc1 {[%emt 0:00:41]} Qb6 {[%emt 0:00:14]} 25. Bc3 {[%emt 0:00:30]} Nd5 {[%emt 0:00:24]} 26. Ba1 {[%emt 0:00:22]} Nb4 {[%emt 0:00:35]} 27. d4 {[%emt 0:00:23]} exd4 {[%emt 0:00:24]} 28. exd4 {[%emt 0:00:10]} Bxd4 {[%emt 0:00:04]} 29. Bxd4 {[%emt 0:00:10]} Qxd4 {[%emt 0:00:02]} 30. Rc7 {[%emt 0:00:08]} Qb6 {[%emt 0:00:29]} 31. Rd7 {[%emt 0:00:43]} Rf5 {[%emt 0:00:25]} 32. Be4 {[%emt 0:00:31]} Rf6 {[%emt 0:00:10]} 33. Qb3 {[%emt 0:00:27]} Qd4 {[%emt 0:00:39]} 34. Bxg6 {[%emt 0:00:06]} Nc6 {[%emt 0:00:29]} 35. Bxf7+ {[%emt 0:00:46]} Kh8 {[%emt 0:00:04]} 36. Rb7 {[%emt 0:00:04]} Rf8 {[%emt 0:00:07]} 37. Qc4 {[%emt 0:01:02]} R6xf7 {[%emt 0:00:15]} 38. Qxc6 {[%emt 0:00:11]} Rxf2 {[%emt 0:00:06]} 39. Rh7+ {[%emt 0:00:49]} Kxh7 {[%emt 0:00:03]} 40. Qb7+ {[%emt 0:00:10]} 0-1